| 000 | 00853nam a2200229 a 4500 | ||
|---|---|---|---|
| 005 | 20090825113013.0 | ||
| 008 | 850322s1983 ii b 001 0 eng | ||
| 010 | _aENG-94872 | ||
| 020 |
_c95.00 _a9788178794549 |
||
| 035 | _aEN-78405 | ||
| 037 | _bDBAD / PUB | ||
| 040 |
_adpl _bEnglish |
||
| 082 | _a794.735 | ||
| 100 | _aJain, Rachna | ||
| 245 |
_aTeach yourself snooker / _cby Rachna Jain |
||
| 260 |
_aNew Delhi _bSports Publication _c2007 |
||
| 270 |
_aG-6, 23/23-B, EMCA House, Ansari Road, Daryaganj, _bNew Delhi _e110002 |
||
| 300 |
_a68p.: _c22cm(Hb) _bill. |
||
| 650 |
_aSnooker _xStudy and teaching |
||
| 942 |
_2ddc _cEN _mJAI _h794.735 |
||
| 999 |
_c29545 _d29545 |
||